000
00319nam a22001457a 4500
020
_a
81-88008-00-1
082
_a
920
_b
MEN/S
100
_a
MENON,A.K
245
_a
SUBHASH CHANDRA BOSE
250
_a
FIRST
260
_a
MEERUT
_b
VARUN PUBLISHING HOUSE
_c
2011
300
_a
96
650
_a
BIOGRAPHY
_z
INDIA
942
_c
BK
999
_c
5982
_d
5982